Recovery and Reuse of Carbon Dioxide from Flue Gas Stream of Boilers with CD (UG-CHE-2016) (Record no. 561084)
[ view plain ]
| 000 -LEADER | |
|---|---|
| fixed length control field | 00413nam a2200133Ia 4500 |
| 005 - DATE AND TIME OF LATEST TRANSACTION | |
| control field | 20210429153911.0 |
| 008 - FIXED-LENGTH DATA ELEMENTS--GENERAL INFORMATION | |
| fixed length control field | 210429s9999 xx 000 0 und d |
| 082 ## - DEWEY DECIMAL CLASSIFICATION NUMBER | |
| Classification number | 660 Y29R |
| 100 ## - MAIN ENTRY--PERSONAL NAME | |
| Personal name | Asif Yasir, Fsisal Iqbal, M. Abu Baker Khalid |
| 9 (RLIN) | 55044 |
| 245 ## - TITLE STATEMENT | |
| Title | Recovery and Reuse of Carbon Dioxide from Flue Gas Stream of Boilers with CD (UG-CHE-2016) |
| 260 ## - PUBLICATION, DISTRIBUTION, ETC. | |
| Place of publication, distribution, etc. | SCME. |
| Date of publication, distribution, etc. | 2016 |
| 300 ## - PHYSICAL DESCRIPTION | |
| Extent | 97p. |
| 942 ## - ADDED ENTRY ELEMENTS (KOHA) | |
| Source of classification or shelving scheme | |
| Koha item type | |
| Withdrawn status | Lost status | Damaged status | Not for loan | Permanent Location | Current Location | Date acquired | Total Checkouts | Full call number | Barcode | Date last seen | Price effective from | Koha item type |
|---|---|---|---|---|---|---|---|---|---|---|---|---|
| School of Chemical & Materials Engineering (SCME) | School of Chemical & Materials Engineering (SCME) | 10/16/2010 | 660 Y29R | SCME- TH-329 | 04/29/2021 | 04/29/2021 |
